000
00326nam a22001337a 4500
008
171123b xxu||||| |||| 00| 0 eng d
020
_a
0801647762
041
_a
eng
080
_2
4 ED
_a
617
100
_a
8
101
_a
OFT
245
_a
THE OPHALMIC ASSISTANT FUNDAMNETALS CLINICAL PRACTICE
_c
SLAT.S
942
_2
udc
_c
BK
999
_c
38326
_d
38326